| 000 | 01343nam a22003137a 4500 | ||
|---|---|---|---|
| 005 | 20240530110908.0 | ||
| 008 | 220303s2009 le g 001 0 ara d | ||
| 020 | _a9789953822914 | ||
| 040 |
_aEG-CaGPL _cEG-CaGPL |
||
| 082 | 0 | 4 |
_221 _a320.54/ _bأ م |
| 100 | 0 | _aمحمد مالكى | |
| 245 | 1 | 2 |
_aمن اجل الوحدة العربية : _bرؤية للمستقبل : بحوث ومناقشات الندوة الفكرية التى نظمها مركز دراسات الوحدة العربية / _cمحمد مالكى... [ وآخ. ] |
| 250 | _aط.1 | ||
| 260 |
_aبيروت : _bمركز دراسات الوحدة العربية، _c2010. |
||
| 300 |
_a927 ص. ؛ _c24 سم. |
||
| 650 | 0 | 7 |
_2qrmak _aالاحوال السياسية |
| 650 | 0 | 7 |
_2qrmak _aالسياسة _xنظريات |
| 650 | 0 | 7 |
_2qrmak _aالممارسة السياسية |
| 650 | 0 | 7 |
_2qrmak _aالوحدة العربية |
| 650 | 0 | 7 |
_2qrmak _aالقومية العربية |
| 651 | _2qrmak | ||
| 700 | 0 |
_aبرهان غليون _eمؤلف مشارك |
|
| 700 | 0 |
_aعبدالاله بلقزيز _eمؤلف مشارك |
|
| 700 | 0 |
_aرغيد الصلح _eمؤلف مشارك |
|
| 700 | 0 |
_aفيوليت داغر _eمؤلف مشارك |
|
| 700 | 0 |
_aعبدالغنى عماد _eمؤلف مشارك |
|
| 942 |
_2ddc _cBK |
||
| 999 |
_c66252 _d66252 |
||